000 00688nam a22002057a 4500
003 OSt
005 20260529071356.0
008 260529b |||||||| |||| 00| 0 eng d
040 _cDLC
050 _aLB1028.3
_bS21 2025
100 _4Evaline, Shafrael
245 _aAssesment of students' engagement with learning management in higher learning institutions, Tanzania/
_cShafraeli, Evaline
260 _aDodoma:
_bThe University of Dodoma;
_c2025
300 _axiii,107 p.;
_bill.;
_c30 cm
504 _aincludes index
650 _aLerning management system
_9118466
650 _aStudent engagemant
_9118467
650 _aEductional technology
_9118468
942 _2lcc
_cDIS
999 _c41136
_d41134